| 000 | 00765nam a22002297a 4500 | ||
|---|---|---|---|
| 003 | OSt | ||
| 005 | 20250627053826.0 | ||
| 008 | 250625b |||||||| |||| 00| 0 eng d | ||
| 020 | _a978-621-420-082-5 | ||
| 040 |
_aDWCL - Main lib _cOC |
||
| 082 | _aFil. 332.49599 M992i 2017 | ||
| 100 | _aMutya, Ruby Alminar F. | ||
| 245 |
_aIntroduction to Philippine money credit, and banking/ _cRuby Alminar F. Mutya |
||
| 260 |
_aMandaluyong city: _bANVIL publishing, _cc2017. |
||
| 300 |
_avii, 233 pages: _billustrations; _c 25cm. |
||
| 504 | _aincludes index. | ||
| 650 | _a1. Money- Philippines | ||
| 650 | _a2. Bank and banking - Philippines | ||
| 650 | _a3. Credit- Management. | ||
| 650 | _a4. Credit analysis- Philippines. | ||
| 942 |
_2ddc _cBK - FIL _kFil. _n0 |
||
| 999 |
_c3282 _d3282 |
||